[Event "RUS-ch Seniors"]
[Site "Odintsovo"]
[Date "2011.04.24"]
[Round "6"]
[White "Goncharov, Ivan I"]
[Black "Vorobiov, Nikolai"]
[Result "1-0"]
[WhiteElo "2263"]
[BlackElo "2023"]
[PlyCount "115"]
[EventDate "2011.04.19"]
[EventType "swiss"]
[EventRounds "9"]
[EventCountry "RUS"]
[SourceTitle "CBM 142 Extra"]
[Source "ChessBase"]
[SourceDate "2011.06.27"]
[SourceVersion "1"]
[SourceVersionDate "2011.06.27"]
[SourceQuality "1"]

1. d4 d5 2. c4 e6 3. Nf3 Nf6 4. Nc3 c6 5. Bg5 Be7 6. e3 Nbd7 7. Bd3 Nf8 8. Ne5 Ng6 9. f4 dxc4 10. Bxc4 Nd5 11. Bxe7 Qxe7 12. Nxd5 exd5 13. Bd3 Nxe5 14. fxe5 Qg5 15. Qf3 Be6 16. b4 0-0 17. 0-0 f6 18. Qf4 Qxf4 19. exf4 f5 20. Rac1 a6 21. Rc3 g6 22. a4 Kf7 23. Rb1 Bd7 24. Be2 Ke6 25. Kf2 h6 26. Rh3 Rh8 27. g4 Kf7 28. Rg3 b5 29. a5 Rag8 30. Rc1 h5 31. h3 hxg4 32. hxg4 Rh2+ 33. Ke3 Rgh8 34. gxf5 gxf5 35. Rcg1 R2h3 36. Bd3 R8h6 37. Kd2 Rxg3 38. Rxg3 Rh2+ 39. Ke3 Rb2 40. Rg5 Rb3 41. Kd2 Rxb4 42. Kc3 Ra4 43. Bxf5 Bxf5 44. Rxf5+ Ke7 45. Rf6 Rc4+ 46. Kd3 b4 47. f5 b3 48. Rh6 Rb4 49. Rh7+ Kf8 50. Rh1 Rb5 51. Kc3 c5 52. dxc5 Rxc5+ 53. Kxb3 Rxa5 54. Re1 Rc5 55. f6 Rc8 56. e6 Kg8 57. Re4 Rf8 58. Rg4+ 1-0

[Event "RUS-ch Seniors"]
[Site "Odintsovo"]
[Date "2011.04.23"]
[Round "5"]
[White "Bobylev, Valentin"]
[Black "Goncharov, Ivan I"]
[Result "1/2-1/2"]
[WhiteElo "2073"]
[BlackElo "2263"]
[PlyCount "94"]
[EventDate "2011.04.19"]
[EventType "swiss"]
[EventRounds "9"]
[EventCountry "RUS"]
[SourceTitle "CBM 142 Extra"]
[Source "ChessBase"]
[SourceDate "2011.06.27"]
[SourceVersion "1"]
[SourceVersionDate "2011.06.27"]
[SourceQuality "1"]

1. Nf3 Nf6 2. b3 d6 3. Bb2 c5 4. e3 Nc6 5. d4 cxd4 6. exd4 g6 7. d5 Nb8 8. Bxf6 exf6 9. Bb5+ Bd7 10. Bxd7+ Nxd7 11. 0-0 Bg7 12. Re1+ Ne5 13. Nd4 a6 14. f4 f5 15. Nd2 0-0 16. fxe5 dxe5 17. Ne2 Qxd5 18. Nc4 Qc5+ 19. Kh1 Rfd8 20. Qc1 Rac8 21. Qe3 b5 22. Qxc5 Rxc5 23. Na3 Rd2 24. b4 Rc6 25. Rad1 Rxd1 26. Rxd1 Bf6 27. g3 g5 28. c3 h5 29. Rc1 e4 30. Rc2 Be5 31. c4 bxc4 32. Rxc4 Rd6 33. Rc5 f6 34. Nc4 Re6 35. a4 f4 36. Nxe5 fxe5 37. gxf4 gxf4 38. b5 axb5 39. axb5 f3 40. Nc3 e3 41. Kg1 Rg6+ 42. Kf1 e2+ 43. Nxe2 fxe2+ 44. Kxe2 Rg2+ 45. Kd3 Rxh2 46. Rxe5 h4 47. Kc4 h3 1/2-1/2

[Event "RUS-ch Seniors"]
[Site "Odintsovo"]
[Date "2011.04.19"]
[Round "1"]
[White "Yakovlev, Yuri S"]
[Black "Goncharov, Ivan I"]
[Result "1/2-1/2"]
[WhiteElo "2014"]
[BlackElo "2263"]
[PlyCount "57"]
[EventDate "2011.04.19"]
[EventType "swiss"]
[EventRounds "9"]
[EventCountry "RUS"]
[SourceTitle "CBM 142 Extra"]
[Source "ChessBase"]
[SourceDate "2011.06.27"]
[SourceVersion "1"]
[SourceVersionDate "2011.06.27"]
[SourceQuality "1"]

1. e4 e6 2. d4 d5 3. Nd2 Nf6 4. e5 Nfd7 5. Bd3 c5 6. c3 Nc6 7. Ne2 cxd4 8. cxd4 Qb6 9. Nf3 Bb4+ 10. Bd2 Bxd2+ 11. Qxd2 0-0 12. 0-0 f6 13. exf6 Nxf6 14. Rac1 Bd7 15. Ng3 Rad8 16. Bb1 a6 17. b3 a5 18. Qc3 Rc8 19. Qe3 Rce8 20. Qc3 Re7 21. h3 Rfe8 22. Rfe1 Qb4 23. Qxb4 axb4 24. Bd3 g6 25. Kf1 Kg7 26. Ne2 e5 27. dxe5 Nxe5 28. Nxe5 Rxe5 29. Nd4 1/2-1/2

[Event "RUS-ch Seniors"]
[Site "Lesnoj Gorodok"]
[Date "2009.10.11"]
[Round "9"]
[White "Gumerov, Renant"]
[Black "Goncharov, Ivan I"]
[Result "1-0"]
[WhiteElo "2195"]
[BlackElo "2254"]
[PlyCount "114"]
[EventDate "2009.10.03"]
[EventType "swiss"]
[EventRounds "9"]
[EventCountry "RUS"]
[SourceTitle "CBM 132 Extra"]
[Source "ChessBase"]
[SourceDate "2009.11.03"]
[SourceVersion "1"]
[SourceVersionDate "2009.11.03"]
[SourceQuality "1"]

1. d4 d5 2. c4 e6 3. Nc3 c6 4. cxd5 exd5 5. Qc2 Bd6 6. Be3 Ne7 7. f3 0-0 8. Bf2 Qa5 9. e3 c5 10. Bd3 c4 11. Be2 Nbc6 12. g4 b5 13. Kf1 Rb8 14. Qc1 b4 15. Nd1 Ba6 16. Be1 Qb6 17. Kg2 Bc8 18. Bg3 Bc7 19. h3 Bxg3 20. Kxg3 f5 21. f4 Be6 22. Nf3 a5 23. Nf2 Rbc8 24. Qb1 Qc7 25. Bd1 Ng6 26. Qc1 Rce8 27. Bc2 Rf6 28. Re1 Ref8 29. g5 R6f7 30. h4 Rd7 31. h5 Nge7 32. Nh3 Nc8 33. Ne5 Re7 34. Ba4 Nd8 35. Nf2 Nd6 36. Rh1 Ne4+ 37. Kg2 Nf7 38. Nc6 Rd7 39. g6 Nh6 40. gxh7+ Kxh7 41. Ne5 Rdd8 42. Bd1 Rd6 43. Bf3 Nxf2 44. Kxf2 Ng4+ 45. Bxg4 fxg4 46. Qg1 Qe7 47. Qg3 Qf6 48. Rae1 Rc8 49. Rc1 Rc7 50. Rh4 Re7 51. Rg1 Qf5 52. Kg2 c3 53. bxc3 bxc3 54. Kh2 Qc2+ 55. Rg2 Qe4 56. Nxg4 Bxg4 57. Rxg4 c2 1-0

[Event "RUS-ch Seniors"]
[Site "Lesnoj Gorodok"]
[Date "2009.10.03"]
[Round "1"]
[White "Didy, Kaplan"]
[Black "Goncharov, Ivan I"]
[Result "1/2-1/2"]
[WhiteElo "2060"]
[BlackElo "2254"]
[PlyCount "141"]
[EventDate "2009.10.03"]
[EventType "swiss"]
[EventRounds "9"]
[EventCountry "RUS"]
[SourceTitle "CBM 132 Extra"]
[Source "ChessBase"]
[SourceDate "2009.11.03"]
[SourceVersion "1"]
[SourceVersionDate "2009.11.03"]
[SourceQuality "1"]

1. c4 Nf6 2. Nf3 c6 3. d4 d5 4. g3 Bf5 5. Bg2 e6 6. 0-0 Be7 7. Nc3 Ne4 8. Bf4 Nd7 9. Rc1 dxc4 10. Nxe4 Bxe4 11. Rxc4 Bd5 12. Rc1 0-0 13. Re1 Nf6 14. Qc2 Bxf3 15. Bxf3 Qxd4 16. Red1 Qb6 17. Be3 Qc7 18. Bf4 e5 19. Bd2 Rad8 20. Qa4 Qb8 21. Be3 Rxd1+ 22. Rxd1 c5 23. Qb5 b6 24. a3 Rd8 25. Rxd8+ Qxd8 26. Qc6 h6 27. Qb7 Bf8 28. h3 Qd7 29. Qxd7 Nxd7 30. Bc6 Nf6 31. Kg2 Bd6 32. g4 Kf8 33. Kf1 Ke7 34. Ke1 Ke6 35. Bd2 Nd5 36. e3 e4 37. Bb5 Be5 38. Bc1 Kd6 39. Ke2 Nc7 40. Bc4 Ne6 41. Ba6 g6 42. Bb7 f5 43. gxf5 gxf5 44. Bc8 Ke7 45. a4 Bf6 46. Kd1 Ng7 47. Kc2 Kd8 48. Ba6 Ne8 49. Kb3 Nd6 50. Bd2 Ke7 51. Kc2 Kf7 52. Be2 Kg6 53. b4 Kf7 54. bxc5 bxc5 55. Ba5 Ke6 56. Kb3 Kd5 57. Bc7 c4+ 58. Kb4 c3 59. Kb3 c2 60. Kxc2 Nc4 61. Kb3 Nxe3 62. Bb8 Bd4 63. Kb4 Kc6 64. Bb5+ Kb7 65. Bd6 Ng2 66. Kc4 Bxf2 67. Kd5 Be3 68. Ke6 Nh4 69. Be7 Ng6 70. Bd6 Nh4 71. Be7 1/2-1/2

[Event "RUS-ch Seniors"]
[Site "Odintsovo"]
[Date "2008.10.04"]
[Round "3"]
[White "Kotov, Ivan F"]
[Black "Goncharov, Ivan I"]
[Result "1/2-1/2"]
[WhiteElo "2309"]
[BlackElo "2296"]
[PlyCount "46"]
[EventDate "2008.10.02"]
[EventType "swiss"]
[EventRounds "9"]
[EventCountry "RUS"]
[SourceTitle "CBM 127 Extra"]
[Source "ChessBase"]
[SourceDate "2009.01.08"]
[SourceVersion "2"]
[SourceVersionDate "2009.01.28"]
[SourceQuality "1"]

1. d4 Nf6 2. c4 e6 3. Nc3 Bb4 4. Bd2 c5 5. e3 Nc6 6. Nf3 d6 7. Bd3 e5 8. dxe5 dxe5 9. Bc2 Bg4 10. h3 Bxc3 11. Bxc3 Qxd1+ 12. Rxd1 Bxf3 13. gxf3 Ke7 14. Ke2 Ke6 15. Rd2 Rad8 16. Rhd1 Rxd2+ 17. Rxd2 Ne7 18. Rd1 g6 19. a3 Rc8 20. b4 b6 21. b5 Rc7 22. a4 Nd7 23. a5 f5 1/2-1/2